The rhetoric of institutional change (Record no. 95907)

000 -LEADER
fixed length control field 00416pab a2200169 454500
008 - FIXED-LENGTH DATA ELEMENTS--GENERAL INFORMATION
fixed length control field 180718b2012 xxu||||| |||| 00| 0 eng d
100 ## - MAIN ENTRY--PERSONAL NAME
Personal name Brown, Andrew W.
245 ## - TITLE STATEMENT
Title The rhetoric of institutional change
260 ## - PUBLICATION, DISTRIBUTION, ETC.
Date of publication, distribution, etc. 2012
300 ## - PHYSICAL DESCRIPTION
Extent 297-321.
650 ## - SUBJECT ADDED ENTRY--TOPICAL TERM
Topical term or geographic name entry element Organizational change
700 ## - ADDED ENTRY--PERSONAL NAME
Personal name Grant, David
700 ## - ADDED ENTRY--PERSONAL NAME
Personal name Ainsworth, Susan
773 ## - HOST ITEM ENTRY
Main entry heading Organization Studies
908 ## - PUT COMMAND PARAMETER (RLIN)
Put command parameter N
909 ## -
-- 95907
Holdings
Withdrawn status Lost status Damaged status Not for loan Permanent Location Current Location Date acquired Serial Enumeration / chronology Barcode Date last seen Price effective from Koha item type
        Indian Institute of Public Administration Indian Institute of Public Administration 2018-07-19 Volume no: 33, Issue no: 3 AR96367 2018-07-19 2018-07-19 Articles

Powered by Koha